[Event "Deutsche Ländermeisterschaft 2014"]
[Site "Hannover GER"]
[Date "2014.10.07"]
[Round "7"]
[White "Baltic, Fatih"]
[Black "Sanati, Charlotte"]
[Result "0-1"]
[Termination "normal"]
[Board "2.6"]
[WhiteElo "1890"]
[BlackElo "1772"]
[WhiteClock "00:50:03"]
[BlackClock "00:27:27"]
[WhiteTeam "Nordrhein-Westfalen"]
[BlackTeam "Rheinland-Pfalz"]
[PlyCount "110"]
[WhiteFideId "12979090"]
[BlackFideId "12907707"]
[EventCountry "GER"]
[EventRounds "7"]
[EventType "team-swiss"]
[EventDate "2014.10.02"]

1. e4 {[%clk 1:30:51]} c5 {[%clk 1:30:50]} 2. Nc3 {[%clk 1:29:53]} Nc6 {[%clk
1:31:09]} 3. g3 {[%clk 1:30:17]} g6 {[%clk 1:31:34]} 4. Bg2 {[%clk 1:30:41]}
Bg7 {[%clk 1:32:00]} 5. d3 {[%clk 1:31:05]} d6 {[%clk 1:32:15]} 6. Be3 {[%clk
1:30:54]} e6 {[%clk 1:31:55]} 7. Qd2 {[%clk 1:31:19]} Rb8 {[%clk 1:27:11]} 8.
f4 {[%clk 1:26:08]} Nge7 {[%clk 1:26:26]} 9. Nge2 {[%clk 1:25:01]} O-O {[%clk
1:24:30]} 10. O-O {[%clk 1:24:03]} Nd4 {[%clk 1:20:45]} 11. a4 {[%clk 1:19:10]}
Nec6 {[%clk 1:16:20]} 12. Bxd4 {[%clk 1:11:21]} Nxd4 {[%clk 1:15:33]} 13. Kh1
{[%clk 1:08:58]} Qa5 {[%clk 1:13:02]} 14. f5 {[%clk 1:01:05]} Nxe2 {[%clk
1:03:00]} 15. Qxe2 {[%clk 1:01:16]} exf5 {[%clk 1:01:56]} 16. Nd5 {[%clk
0:59:04]} Re8 {[%clk 0:53:08]} 17. c3 {[%clk 0:55:53]} Be6 {[%clk 0:47:09]} 18.
Nf4 {[%clk 0:54:37]} Qc7 {[%clk 0:41:05]} 19. Qf2 {[%clk 0:53:37]} fxe4 {[%clk
0:34:49]} 20. Bxe4 {[%clk 0:52:09]} Qd7 {[%clk 0:31:02]} 21. Qf3 {[%clk
0:46:43]} Bg4 {[%clk 0:27:13]} 22. Qg2 {[%clk 0:45:57]} Kh8 {[%clk 0:16:45]}
23. h3 {[%clk 0:40:37]} Be6 {[%clk 0:16:48]} 24. Kh2 {[%clk 0:41:01]} f5 {[%clk
0:13:50]} 25. Bf3 {[%clk 0:40:21]} Bf7 {[%clk 0:13:12]} 26. a5 {[%clk 0:40:28]}
Qc7 {[%clk 0:11:29]} 27. a6 {[%clk 0:40:25]} b5 {[%clk 0:10:52]} 28. Bb7 {[%clk
0:40:19]} Bh6 {[%clk 0:09:41]} 29. h4 {[%clk 0:35:59]} Re3 {[%clk 0:08:24]} 30.
Rad1 {[%clk 0:28:27]} Bxf4 {[%clk 0:06:26]} 31. Rxf4 {[%clk 0:28:05]} Rbe8
{[%clk 0:06:40]} 32. Rd2 {[%clk 0:27:22]} Qe7 {[%clk 0:06:18]} 33. d4 {[%clk
0:27:00]} g5 {[%clk 0:04:13]} 34. hxg5 {[%clk 0:21:37]} Qxg5 {[%clk 0:04:32]}
35. Rdf2 {[%clk 0:21:34]} R8e6 {[%clk 0:02:40]} 36. Bf3 {[%clk 0:17:16]} Rh6+
{[%clk 0:02:26]} 37. Kg1 {[%clk 0:17:38]} Bc4 {[%clk 0:02:22]} 38. Rc2 {[%clk
0:14:50]} Re1+ {[%clk 0:02:29]} 39. Kf2 {[%clk 0:15:11]} Rf1+ {[%clk 0:01:41]}
40. Ke3 {[%clk 0:15:33]} Qe7+ {[%clk 0:01:49]} 41. Be4 {[%clk 0:15:50]} Re1+
{[%clk 0:28:35]} 42. Kd2 {[%clk 0:45:58]} Re2+ {[%clk 0:26:20]} 43. Qxe2 {[%clk
0:45:38]} Bxe2 {[%clk 0:26:43]} 44. Kxe2 {[%clk 0:46:01]} fxe4 {[%clk 0:27:04]}
45. Ke3 {[%clk 0:46:25]} Rf6 {[%clk 0:26:27]} 46. Rxe4 {[%clk 0:46:41]} Re6
{[%clk 0:26:49]} 47. Rxe6 {[%clk 0:47:02]} Qxe6+ {[%clk 0:27:14]} 48. Kf4
{[%clk 0:47:21]} Qf6+ {[%clk 0:26:52]} 49. Ke3 {[%clk 0:47:43]} Qg5+ {[%clk
0:27:12]} 50. Kd3 {[%clk 0:47:56]} Qxg3+ {[%clk 0:26:56]} 51. Kd2 {[%clk
0:48:21]} h5 {[%clk 0:26:50]} 52. dxc5 {[%clk 0:48:48]} dxc5 {[%clk 0:27:10]}
53. Ke2 {[%clk 0:49:14]} h4 {[%clk 0:27:19]} 54. Rd2 {[%clk 0:49:41]} Qg2+
{[%clk 0:27:12]} 55. Ke3 {[%clk 0:50:03]} Qxd2+ {[%clk 0:27:27]} 0-1

[Event "Deutsche Ländermeisterschaft 2014"]
[Site "Hannover GER"]
[Date "2014.10.07"]
[Round "7"]
[White "Yankelevich, Michael"]
[Black "Bork, Sophie"]
[Result "1-0"]
[Termination "normal"]
[Board "2.7"]
[WhiteElo "1673"]
[BlackElo "1574"]
[WhiteClock "01:41:47"]
[BlackClock "00:01:13"]
[WhiteTeam "Rheinland-Pfalz"]
[BlackTeam "Nordrhein-Westfalen"]
[PlyCount "117"]
[WhiteFideId "12921440"]
[BlackFideId "12905429"]
[EventCountry "GER"]
[EventRounds "7"]
[EventType "team-swiss"]
[EventDate "2014.10.02"]

1. e4 {[%clk 1:30:59]} e5 {[%clk 1:30:56]} 2. Nf3 {[%clk 1:31:25]} Nc6 {[%clk
1:31:20]} 3. Bc4 {[%clk 1:31:50]} Bc5 {[%clk 1:31:44]} 4. c3 {[%clk 1:32:18]}
Nf6 {[%clk 1:32:06]} 5. d4 {[%clk 1:32:45]} exd4 {[%clk 1:32:26]} 6. e5 {[%clk
1:33:10]} d5 {[%clk 1:32:46]} 7. Be2 {[%clk 1:33:34]} Ne4 {[%clk 1:31:20]} 8.
cxd4 {[%clk 1:33:53]} Bb6 {[%clk 1:30:47]} 9. O-O {[%clk 1:33:55]} O-O {[%clk
1:29:29]} 10. Nc3 {[%clk 1:33:16]} Bg4 {[%clk 1:22:50]} 11. Be3 {[%clk
1:32:45]} f5 {[%clk 1:20:07]} 12. Ne1 {[%clk 1:32:35]} Nxc3 {[%clk 1:18:33]}
13. bxc3 {[%clk 1:32:59]} Bxe2 {[%clk 1:17:59]} 14. Qxe2 {[%clk 1:33:16]} f4
{[%clk 1:15:50]} 15. Bd2 {[%clk 1:33:25]} Qh4 {[%clk 1:03:14]} 16. Qf3 {[%clk
1:32:42]} Ne7 {[%clk 1:00:08]} 17. Qe2 {[%clk 1:31:15]} Ng6 {[%clk 0:55:36]}
18. Nf3 {[%clk 1:30:04]} Qe7 {[%clk 0:55:03]} 19. c4 {[%clk 1:27:17]} c6 {[%clk
0:49:10]} 20. cxd5 {[%clk 1:26:45]} cxd5 {[%clk 0:49:28]} 21. Qb5 {[%clk
1:26:57]} Qe6 {[%clk 0:44:54]} 22. Rac1 {[%clk 1:26:09]} Rad8 {[%clk 0:40:13]}
23. a4 {[%clk 1:25:26]} a6 {[%clk 0:39:24]} 24. Qb3 {[%clk 1:25:40]} Rd7 {[%clk
0:36:17]} 25. a5 {[%clk 1:25:06]} Bd8 {[%clk 0:35:22]} 26. Rc8 {[%clk 1:19:29]}
Be7 {[%clk 0:26:03]} 27. Rxf8+ {[%clk 1:19:32]} Kxf8 {[%clk 0:25:53]} 28. Rc1
{[%clk 1:19:22]} h6 {[%clk 0:24:15]} 29. Bb4 {[%clk 1:19:13]} Kf7 {[%clk
0:22:00]} 30. Bxe7 {[%clk 1:19:14]} Nxe7 {[%clk 0:21:50]} 31. Ne1 {[%clk
1:16:16]} Nc6 {[%clk 0:16:30]} 32. Qc3 {[%clk 1:16:13]} g5 {[%clk 0:11:30]} 33.
Nd3 {[%clk 1:16:14]} Qg6 {[%clk 0:10:14]} 34. Nc5 {[%clk 1:15:49]} Rc7 {[%clk
0:07:34]} 35. f3 {[%clk 1:13:39]} Nd8 {[%clk 0:06:27]} 36. Qb3 {[%clk 1:13:13]}
Qc6 {[%clk 0:01:49]} 37. Nd3 {[%clk 1:13:28]} Qd7 {[%clk 0:01:56]} 38. Rxc7
{[%clk 1:13:48]} Qxc7 {[%clk 0:02:21]} 39. Qxd5+ {[%clk 1:14:08]} Ke7 {[%clk
0:01:02]} 40. Qc5+ {[%clk 1:13:37]} Qxc5 {[%clk 0:00:51]} 41. Nxc5 {[%clk
1:13:58]} Nc6 {[%clk 0:28:10]} 42. Nb3 {[%clk 1:44:49]} Ke6 {[%clk 0:26:33]}
43. Kf2 {[%clk 1:45:09]} Kd5 {[%clk 0:23:42]} 44. Ke2 {[%clk 1:42:16]} Kc4
{[%clk 0:20:46]} 45. e6 {[%clk 1:42:16]} Ne7 {[%clk 0:18:37]} 46. Nc5 {[%clk
1:42:06]} Kxd4 {[%clk 0:17:25]} 47. Nxb7 {[%clk 1:42:07]} Kd5 {[%clk 0:16:41]}
48. Nd8 {[%clk 1:42:01]} Kd6 {[%clk 0:11:16]} 49. Kd3 {[%clk 1:40:58]} Ng8
{[%clk 0:06:17]} 50. Kd4 {[%clk 1:40:28]} Ke7 {[%clk 0:05:22]} 51. Nb7 {[%clk
1:40:41]} Kxe6 {[%clk 0:05:10]} 52. Nc5+ {[%clk 1:40:59]} Kd6 {[%clk 0:05:15]}
53. Nxa6 {[%clk 1:41:09]} Ne7 {[%clk 0:03:47]} 54. Nb4 {[%clk 1:41:28]} Nc8
{[%clk 0:02:08]} 55. a6 {[%clk 1:41:22]} Na7 {[%clk 0:01:59]} 56. Ke4 {[%clk
1:41:34]} Ke6 {[%clk 0:01:36]} 57. Nd5 {[%clk 1:41:52]} Nb5 {[%clk 0:01:05]}
58. Nb4 {[%clk 1:41:37]} Na7 {[%clk 0:01:13]} 59. Nc2 {[%clk 1:41:47]} 1-0

[Event "Deutsche Ländermeisterschaft 2014"]
[Site "Hannover GER"]
[Date "2014.10.07"]
[Round "7"]
[White "Paulweber, Lara Maria"]
[Black "Reitz, Theresa"]
[Result "1/2-1/2"]
[Termination "normal"]
[Board "2.8"]
[WhiteElo "1431"]
[BlackElo "1477"]
[WhiteClock "00:48:16"]
[BlackClock "00:15:45"]
[WhiteTeam "Nordrhein-Westfalen"]
[BlackTeam "Rheinland-Pfalz"]
[PlyCount "122"]
[WhiteFideId "12954411"]
[BlackFideId "12971901"]
[EventCountry "GER"]
[EventRounds "7"]
[EventType "team-swiss"]
[EventDate "2014.10.02"]

1. d4 {[%clk 1:30:57]} Nf6 {[%clk 1:30:48]} 2. Bf4 {[%clk 1:31:19]} g6 {[%clk
1:30:46]} 3. Nf3 {[%clk 1:31:42]} d6 {[%clk 1:31:05]} 4. Nc3 {[%clk 1:31:09]}
Bg7 {[%clk 1:31:04]} 5. e4 {[%clk 1:28:49]} O-O {[%clk 1:29:36]} 6. Bc4 {[%clk
1:26:08]} Nfd7 {[%clk 1:27:21]} 7. Qd2 {[%clk 1:22:30]} e5 {[%clk 1:22:16]} 8.
Bg5 {[%clk 1:16:59]} Bf6 {[%clk 1:14:34]} 9. Bh6 {[%clk 1:13:24]} exd4 {[%clk
1:11:57]} 10. Nxd4 {[%clk 1:10:52]} Re8 {[%clk 1:09:26]} 11. O-O-O {[%clk
1:07:52]} Ne5 {[%clk 1:06:47]} 12. Be2 {[%clk 1:02:19]} Nbc6 {[%clk 1:04:00]}
13. Nxc6 {[%clk 1:01:41]} bxc6 {[%clk 1:03:57]} 14. h3 {[%clk 0:57:04]} Be6
{[%clk 1:01:54]} 15. f4 {[%clk 0:54:04]} Nc4 {[%clk 1:00:23]} 16. Bxc4 {[%clk
0:53:38]} Bxc4 {[%clk 1:00:47]} 17. Bg5 {[%clk 0:51:37]} Rb8 {[%clk 0:57:37]}
18. b3 {[%clk 0:49:21]} Be6 {[%clk 0:54:37]} 19. Qe3 {[%clk 0:47:37]} Bd7
{[%clk 0:45:21]} 20. Qg3 {[%clk 0:44:31]} Qe7 {[%clk 0:32:43]} 21. Qh4 {[%clk
0:42:01]} Bxg5 {[%clk 0:31:38]} 22. fxg5 {[%clk 0:40:53]} Qe5 {[%clk 0:31:17]}
23. Rd3 {[%clk 0:39:58]} Rb5 {[%clk 0:26:34]} 24. Kb1 {[%clk 0:37:46]} Qxg5
{[%clk 0:23:02]} 25. Qxg5 {[%clk 0:36:51]} Rxg5 {[%clk 0:19:57]} 26. g4 {[%clk
0:35:05]} h5 {[%clk 0:16:56]} 27. gxh5 {[%clk 0:34:15]} Rxh5 {[%clk 0:17:10]}
28. Re3 {[%clk 0:32:39]} Rh4 {[%clk 0:11:18]} 29. Rh2 {[%clk 0:31:34]} d5
{[%clk 0:09:34]} 30. Ne2 {[%clk 0:29:34]} Rexe4 {[%clk 0:08:08]} 31. Rxe4
{[%clk 0:29:21]} dxe4 {[%clk 0:08:09]} 32. Ng1 {[%clk 0:28:55]} Kg7 {[%clk
0:06:28]} 33. Kc1 {[%clk 0:28:55]} f5 {[%clk 0:06:22]} 34. Re2 {[%clk 0:28:22]}
f4 {[%clk 0:04:41]} 35. Rxe4 {[%clk 0:27:53]} Kf6 {[%clk 0:04:08]} 36. Ra4
{[%clk 0:26:59]} g5 {[%clk 0:03:19]} 37. Rxa7 {[%clk 0:26:23]} Bxh3 {[%clk
0:03:18]} 38. Nxh3 {[%clk 0:25:53]} Rxh3 {[%clk 0:03:43]} 39. Rxc7 {[%clk
0:26:07]} f3 {[%clk 0:02:33]} 40. Rxc6+ {[%clk 0:26:06]} Ke5 {[%clk 0:02:54]}
41. Rc5+ {[%clk 0:25:56]} Ke4 {[%clk 0:29:32]} 42. Kd2 {[%clk 0:54:32]} Rh1
{[%clk 0:25:57]} 43. Rc4+ {[%clk 0:53:56]} Kf5 {[%clk 0:24:07]} 44. Ke3 {[%clk
0:53:30]} g4 {[%clk 0:23:02]} 45. a4 {[%clk 0:51:49]} Re1+ {[%clk 0:22:22]} 46.
Kf2 {[%clk 0:51:41]} Re2+ {[%clk 0:22:30]} 47. Kf1 {[%clk 0:51:42]} g3 {[%clk
0:22:02]} 48. a5 {[%clk 0:51:18]} g2+ {[%clk 0:21:06]} 49. Kg1 {[%clk 0:51:18]}
Re1+ {[%clk 0:21:18]} 50. Kf2 {[%clk 0:51:19]} g1=Q+ {[%clk 0:21:38]} 51. Kxf3
{[%clk 0:51:37]} Qg4+ {[%clk 0:21:50]} 52. Rxg4 {[%clk 0:51:58]} Rf1+ {[%clk
0:21:58]} 53. Kg3 {[%clk 0:51:41]} Rg1+ {[%clk 0:22:19]} 54. Kf3 {[%clk
0:51:37]} Rxg4 {[%clk 0:22:30]} 55. c4 {[%clk 0:51:22]} Rg1 {[%clk 0:18:52]}
56. Ke3 {[%clk 0:50:35]} Rg3+ {[%clk 0:16:57]} 57. Kd4 {[%clk 0:50:57]} Rxb3
{[%clk 0:17:12]} 58. Kc5 {[%clk 0:50:45]} Ke6 {[%clk 0:16:11]} 59. a6 {[%clk
0:49:30]} Kd7 {[%clk 0:15:42]} 60. a7 {[%clk 0:48:28]} Ra3 {[%clk 0:16:05]} 61.
Kb6 {[%clk 0:48:16]} Kc8 {[%clk 0:15:45]} 1/2-1/2

[Event "Deutsche Ländermeisterschaft 2014"]
[Site "Hannover GER"]
[Date "2014.10.07"]
[Round "7"]
[White "Koop, Thorben"]
[Black "Moritz, Aron"]
[Result "1-0"]
[Termination "normal"]
[Board "3.1"]
[WhiteElo "2402"]
[BlackElo "2177"]
[WhiteClock "00:03:12"]
[BlackClock "00:02:21"]
[WhiteTeam "Niedersachsen 1"]
[BlackTeam "Berlin"]
[PlyCount "115"]
[WhiteFideId "24661619"]
[BlackFideId "24672319"]
[EventCountry "GER"]
[EventRounds "7"]
[EventType "team-swiss"]
[EventDate "2014.10.02"]

1. e4 {[%clk 1:30:57]} c5 {[%clk 1:30:00]} 2. Nf3 {[%clk 1:31:14]} d6 {[%clk
1:30:08]} 3. d4 {[%clk 1:31:20]} cxd4 {[%clk 1:30:28]} 4. Nxd4 {[%clk 1:31:44]}
Nf6 {[%clk 1:30:37]} 5. Nc3 {[%clk 1:31:50]} Bd7 {[%clk 1:28:12]} 6. Bg5 {[%clk
1:31:32]} e6 {[%clk 1:28:23]} 7. Ndb5 {[%clk 1:31:26]} Bc6 {[%clk 1:27:25]} 8.
Bxf6 {[%clk 1:31:16]} gxf6 {[%clk 1:27:32]} 9. Qh5 {[%clk 1:31:01]} a6 {[%clk
1:18:14]} 10. Nd4 {[%clk 1:31:02]} Bd7 {[%clk 1:18:18]} 11. O-O-O {[%clk
1:28:49]} Nc6 {[%clk 1:16:18]} 12. Nb3 {[%clk 1:26:10]} b5 {[%clk 1:09:10]} 13.
f4 {[%clk 1:17:09]} Qb6 {[%clk 1:06:14]} 14. f5 {[%clk 0:56:25]} Qe3+ {[%clk
1:03:52]} 15. Kb1 {[%clk 0:56:16]} Qg5 {[%clk 1:03:18]} 16. Be2 {[%clk
0:47:48]} Qxh5 {[%clk 1:00:42]} 17. Bxh5 {[%clk 0:48:09]} Ke7 {[%clk 1:00:59]}
18. Nd4 {[%clk 0:32:06]} Ne5 {[%clk 0:55:31]} 19. Nce2 {[%clk 0:28:53]} Bh6
{[%clk 0:53:19]} 20. g3 {[%clk 0:22:39]} Rhg8 {[%clk 0:46:24]} 21. Nf4 {[%clk
0:18:14]} Ng4 {[%clk 0:21:33]} 22. Rhe1 {[%clk 0:10:25]} Bxf4 {[%clk 0:17:24]}
23. gxf4 {[%clk 0:10:40]} e5 {[%clk 0:15:25]} 24. fxe5 {[%clk 0:07:08]} dxe5
{[%clk 0:15:05]} 25. Nb3 {[%clk 0:06:46]} Bc6 {[%clk 0:08:37]} 26. Na5 {[%clk
0:05:38]} Be8 {[%clk 0:06:31]} 27. Rg1 {[%clk 0:04:40]} Nh6 {[%clk 0:06:55]}
28. Rxg8 {[%clk 0:04:53]} Nxg8 {[%clk 0:07:20]} 29. Be2 {[%clk 0:05:02]} Rd8
{[%clk 0:06:23]} 30. Bd3 {[%clk 0:03:05]} Bd7 {[%clk 0:03:42]} 31. c3 {[%clk
0:03:00]} Nh6 {[%clk 0:03:28]} 32. Be2 {[%clk 0:02:40]} Be8 {[%clk 0:03:22]}
33. Rxd8 {[%clk 0:02:27]} Kxd8 {[%clk 0:03:46]} 34. b4 {[%clk 0:02:10]} Kc7
{[%clk 0:03:46]} 35. a4 {[%clk 0:01:59]} Ng8 {[%clk 0:02:59]} 36. Kb2 {[%clk
0:01:53]} Ne7 {[%clk 0:03:06]} 37. axb5 {[%clk 0:01:45]} axb5 {[%clk 0:03:26]}
38. Bd3 {[%clk 0:01:39]} Nc8 {[%clk 0:02:36]} 39. c4 {[%clk 0:01:32]} bxc4
{[%clk 0:01:23]} 40. Nxc4 {[%clk 0:01:23]} Bc6 {[%clk 0:00:34]} 41. Kc3 {[%clk
0:00:39]} Bb7 {[%clk 0:22:49]} 42. b5 {[%clk 0:21:45]} Nb6 {[%clk 0:15:38]} 43.
Ne3 {[%clk 0:19:24]} Nd7 {[%clk 0:13:03]} 44. Kc4 {[%clk 0:17:56]} Nb6+ {[%clk
0:12:23]} 45. Kc5 {[%clk 0:15:07]} Nd7+ {[%clk 0:12:41]} 46. Kb4 {[%clk
0:15:20]} Nb6 {[%clk 0:12:08]} 47. h4 {[%clk 0:12:05]} Ba8 {[%clk 0:06:47]} 48.
h5 {[%clk 0:11:47]} Nd7 {[%clk 0:06:20]} 49. Bc2 {[%clk 0:09:46]} Bb7 {[%clk
0:06:30]} 50. Nc4 {[%clk 0:08:02]} Ba8 {[%clk 0:03:06]} 51. h6 {[%clk 0:05:02]}
Bb7 {[%clk 0:03:10]} 52. Nd2 {[%clk 0:04:02]} Kb6 {[%clk 0:03:00]} 53. Bb3
{[%clk 0:03:49]} Kc7 {[%clk 0:01:09]} 54. Bxf7 {[%clk 0:03:59]} Ba8 {[%clk
0:01:06]} 55. Bg8 {[%clk 0:03:48]} Nf8 {[%clk 0:01:31]} 56. Kc5 {[%clk
0:03:14]} Nd7+ {[%clk 0:01:56]} 57. Kc4 {[%clk 0:03:10]} Nf8 {[%clk 0:02:21]}
58. Bd5 {[%clk 0:03:12]} 1-0

[Event "Deutsche Ländermeisterschaft 2014"]
[Site "Hannover GER"]
[Date "2014.10.07"]
[Round "7"]
[White "Sawlin, Leonid"]
[Black "Schreiner, Till"]
[Result "0-1"]
[Termination "normal"]
[Board "3.2"]
[BlackTitle "FM"]
[WhiteElo "2143"]
[BlackElo "2298"]
[WhiteClock "00:02:30"]
[BlackClock "00:08:30"]
[WhiteTeam "Berlin"]
[BlackTeam "Niedersachsen 1"]
[PlyCount "108"]
[WhiteFideId "4689542"]
[BlackFideId "24675555"]
[EventCountry "GER"]
[EventRounds "7"]
[EventType "team-swiss"]
[EventDate "2014.10.02"]

1. e4 {[%clk 1:30:59]} c5 {[%clk 1:30:56]} 2. Nf3 {[%clk 1:31:01]} d6 {[%clk
1:31:19]} 3. Bb5+ {[%clk 1:31:26]} Nd7 {[%clk 1:31:41]} 4. d4 {[%clk 1:31:48]}
Ngf6 {[%clk 1:32:03]} 5. Nc3 {[%clk 1:32:14]} cxd4 {[%clk 1:32:14]} 6. Qxd4
{[%clk 1:32:38]} e5 {[%clk 1:32:37]} 7. Qd3 {[%clk 1:33:04]} h6 {[%clk
1:33:01]} 8. O-O {[%clk 1:32:52]} Be7 {[%clk 1:33:14]} 9. a4 {[%clk 1:32:19]}
O-O {[%clk 1:33:29]} 10. Rd1 {[%clk 1:32:00]} Qc7 {[%clk 1:31:13]} 11. h3
{[%clk 1:30:58]} a6 {[%clk 1:27:08]} 12. Bc4 {[%clk 1:28:13]} Nb6 {[%clk
1:24:48]} 13. Bb3 {[%clk 1:27:21]} Be6 {[%clk 1:23:52]} 14. Qe2 {[%clk
1:26:16]} Rac8 {[%clk 1:17:20]} 15. Nh4 {[%clk 1:15:09]} Rfd8 {[%clk 1:01:00]}
16. Qf3 {[%clk 1:12:07]} Qd7 {[%clk 0:40:06]} 17. Nd5 {[%clk 1:06:54]} Nbxd5
{[%clk 0:36:07]} 18. exd5 {[%clk 1:05:55]} Nxd5 {[%clk 0:36:31]} 19. Bxd5
{[%clk 1:05:22]} Bxd5 {[%clk 0:33:51]} 20. Rxd5 {[%clk 1:03:57]} Bxh4 {[%clk
0:34:16]} 21. Qe4 {[%clk 1:03:34]} Be7 {[%clk 0:31:47]} 22. Be3 {[%clk
0:49:54]} Qc6 {[%clk 0:25:56]} 23. c3 {[%clk 0:48:08]} Qc4 {[%clk 0:25:45]} 24.
Qf3 {[%clk 0:37:34]} Qb3 {[%clk 0:20:41]} 25. Rd2 {[%clk 0:36:30]} Rc6 {[%clk
0:19:40]} 26. a5 {[%clk 0:34:50]} Qe6 {[%clk 0:17:38]} 27. Rd5 {[%clk 0:34:22]}
f5 {[%clk 0:16:38]} 28. Rad1 {[%clk 0:32:47]} Rf8 {[%clk 0:15:36]} 29. Bb6
{[%clk 0:31:21]} e4 {[%clk 0:14:32]} 30. Qe2 {[%clk 0:31:03]} Bf6 {[%clk
0:12:37]} 31. f4 {[%clk 0:30:10]} Bd8 {[%clk 0:06:01]} 32. Be3 {[%clk 0:29:52]}
b5 {[%clk 0:03:51]} 33. axb6 {[%clk 0:27:39]} Bxb6 {[%clk 0:04:14]} 34. Kh2
{[%clk 0:27:50]} Rfc8 {[%clk 0:03:39]} 35. R1d2 {[%clk 0:24:10]} Bc5 {[%clk
0:03:09]} 36. Bxc5 {[%clk 0:22:45]} dxc5 {[%clk 0:03:27]} 37. Re5 {[%clk
0:22:55]} Qf6 {[%clk 0:03:02]} 38. Rdd5 {[%clk 0:22:30]} Rf8 {[%clk 0:01:21]}
39. Qc4 {[%clk 0:21:13]} Kh8 {[%clk 0:01:13]} 40. Rxc5 {[%clk 0:13:14]} Qh4
{[%clk 0:00:56]} 41. g3 {[%clk 0:05:53]} Rxc5 {[%clk 0:00:41]} 42. Qxc5 {[%clk
0:03:27]} Qf6 {[%clk 0:29:25]} 43. h4 {[%clk 0:21:51]} Kh7 {[%clk 0:27:11]} 44.
b4 {[%clk 0:20:36]} Rf7 {[%clk 0:18:50]} 45. h5 {[%clk 0:11:17]} Rf8 {[%clk
0:15:32]} 46. Re7 {[%clk 0:05:50]} Rd8 {[%clk 0:14:02]} 47. Kh3 {[%clk
0:04:59]} Rd3 {[%clk 0:10:51]} 48. Re5 {[%clk 0:05:08]} Qf7 {[%clk 0:08:06]}
49. Rxf5 {[%clk 0:03:58]} Qd7 {[%clk 0:08:32]} 50. Kh4 {[%clk 0:02:27]} Rd1
{[%clk 0:07:37]} 51. Kg4 {[%clk 0:02:27]} g6 {[%clk 0:07:24]} 52. hxg6+ {[%clk
0:02:25]} Kxg6 {[%clk 0:07:50]} 53. Qb6+ {[%clk 0:02:21]} Rd6 {[%clk 0:08:11]}
54. Qc5 {[%clk 0:02:30]} Rf6 {[%clk 0:08:30]} 0-1